Investície do vedy a výskumu ako nevyhnutná podmienka ekonomického rastu
Charakteristika pojmu poznatky. Veda a výskum v Slovenskej republike. Výdavky na vedu a výskum. Centrá excelentnosti. Nástroje na podporu vedy a výskumu. Rámcové programy Európskej únie na podporu vedy a výskumu.
Enregistré dans:
| Auteur principal: | |
|---|---|
| Format: | Chapitre de livre |
| Langue: | slovaque |
| Sujets: | |
| Tags: |
Pas de tags, Soyez le premier à ajouter un tag!
|
MARC
| LEADER | 00000nla$a2200000$$$4500 | ||
|---|---|---|---|
| 001 | 0107985 | ||
| 005 | 20240502083253.1 | ||
| 041 | 0 | |a slo | |
| 044 | |a CZ | ||
| 245 | 1 | 0 | |a Investície do vedy a výskumu ako nevyhnutná podmienka ekonomického rastu |c Jarmila Vidová |
| 520 | |a Charakteristika pojmu poznatky. Veda a výskum v Slovenskej republike. Výdavky na vedu a výskum. Centrá excelentnosti. Nástroje na podporu vedy a výskumu. Rámcové programy Európskej únie na podporu vedy a výskumu. | ||
| 610 | 2 | 0 | |a veda |
| 610 | 2 | 0 | |a výskum |
| 610 | 2 | 0 | |a inovácia |
| 610 | 2 | 0 | |a rast hospodársky |
| 610 | 2 | 0 | |a investície |
| 610 | 2 | 0 | |a financovanie |
| 610 | 2 | 0 | |a Slovensko |
| 610 | 2 | 0 | |a Európska únia |
| 100 | 1 | |a Vidová, Jarmila, 1967- | |